BoJack Horseman Voice Actors - Extreme - Statistics

General Stats
  • This quiz has been taken 27 times
  • The average score is 13 of 50
Answer Stats
Hint Actor % Correct
Main Characters Todd Aaron Paul
92%
Main Characters BoJack Will Arnett
88%
Main Characters P.C. Amy Sedaris
72%
Main Characters Diane Alison Brie
68%
Partners Wanda Lisa Kudrow
52%
Main Characters Mr. P.B. Paul F. Tompkins
48%
Hollywoo Turtletaub J.K. Simmons
44%
Guest Stars Sarah Lynn Kristen Schaal
44%
Themselves Ex-Mrs. P.B. Jessica Biel
40%
Guest Stars Herb Kazzaz Stanley Tucci
40%
Guest Stars Secretariat John Krasinski
36%
Themselves You know who Margo Martindale
36%
Sugarmen Crackerjack Lin-Manuel Miranda
32%
Guest Stars Flip McVicker Rami Malek
32%
Partners Gina Stephanie Beatriz
32%
Themselves FHBA: L.A. Felicity Huffman
28%
Carsons Charlotte Olivia Wilde
28%
Hollywoo Pinky Patton Oswalt
28%
Hollywoo Rutabega Ben Schwartz
24%
Guest Stars Sebastian St. Clair Keegan-Michael Key
24%
Sugarmen Beatrice Wendie Malick
24%
Themselves Burned alive Zach Braff
24%
Partners Ana Angela Bassett
20%
Carsons Kyle Ed Helms
20%
Guest Stars Cuddlywhiskers Jeffrey Wright
20%
Partners Guy LaKeith Stanfield
20%
Guest Stars Captain P.B. "Weird Al" Yankovic
20%
Guest Stars Joey Pogo Hilary Swank
16%
Partners Pickles Hong Chau
16%
Sugarmen Joseph Matthew Broderick
16%
Guest Stars Doctor Champ Sam Richardson
16%
Partners Emily Abby Jacobson
12%
Hollywoo A Ryan Adam Conover
12%
Guest Stars Hollyhock Aparna Nancherla
12%
Guest Stars Alexi Brosefino Dave Franco
12%
Hollywoo Judah Diedrich Bader
12%
Sugarmen Honey Jane Krakowski
12%
Partners Katrina Lake Bell
12%
Charley Raphael Bob-Waksburg
12%
Hollywoo Meow-Meow Cedric Yarbrough
8%
Themselves L&O SVU guy Henry Winkler
8%
Carsons Penny Ilana Glazer
8%
Hollywoo Jumbo-Grumbo Keith Olberman
8%
Guest Stars Doctor Hu Ken Jeong
8%
Partners Ralph Raul Esparza
8%
Guest Stars Mr. Witherspoon Stephen Colbert
8%
Guest Stars Mary-Beth Wanda Sykes
4%
Themselves Elijah Wood? Daniel Radlicffe
0%
Partners Maude Echo Gillette
0%
Becca Lisa Hanawalt
0%
No matching quizzes found
Score Distribution
Percent of People with Each Score
Percentile by Number Answered
Your Score History
You have not taken this quiz